Top 200 Albums Based On AOTY's User Score - Statystyki

Ogólne statystyki
  • Ten quiz został rozwiązany 4 razy
  • Średni wynik to 18 z 200
Statystyki odpowiedzi
# Album Wynik Year of Release Genre Tag % Poprawnych
1 Kendrick Lamar - To Pimp a Butterfly 95 2015 Consious Hip Hop
100%
131 David Bowie - Low 89 1977 Art Rock
67%
65 Kanye West - The College Dropout 90 2004 Pop Rap
67%
5 Kendrick Lamar - good kid, m.A.A.d city 93 2012 Consious Hip Hop
67%
17 King Crimson - In the Court of the Crimson King 92 1969 Progressive Rock
67%
4 Madvillain - Madvillainy 93 2004 Abstract Hip Hop
67%
13 Radiohead - Kid A 92 2000 Art Rock
67%
2 Radiohead - OK Computer 94 1997 Art Rock
67%
3 Radiohed - In Rainbows 93 2007 Art Rock
67%
7 Stevie Wonder - Songs in the Key of Life 93 1976 Soul
67%
198 Aphex Twin - Selected Ambient Works 85-92 88 1992 Ambient Techno
33%
19 Björk - Homogenic 92 1997 Art Pop
33%
10 Björk - Vespertine 93 2001 Art Pop
33%
56 Black Country, New Road - Ants From Up There 90 2022 Art Rock
33%
101 Cocteau Twins - Heaven or Las Vegas 89 1990 Dream Pop
33%
118 D'Angelo - Voodoo 89 2000 Neo-Soul
33%
99 David Bowie - Station to Station 89 1976 Art Rock
33%
18 David Bowie - The Rise and Fall of Ziggy Stardust and the Spiders from Mars 92 1972 Glam Rock
33%
145 Death Grips - The Money Store 89 2012 Industrial Hip Hop
33%
200 Deftones - White Pony 88 2000 Alternative Metal
33%
128 Freddie Gibbs & Madlib - Piñata 89 2014 Gangsta Rap
33%
60 Godspeed You Black Emperor! - F♯ A♯ ∞ 90 1997 Post-Rock
33%
9 Godspeed You Black Emperor! - Lift Your Skinny Fists Like Antennas to Heaven 93 2000 Post-Rock
33%
23 Have a Nice Life - Deathconsciousness 91 2008 Shoegaze
33%
71 Joanna Newsom - Ys 90 2006 Progressive Folk
33%
38 John Coltrane - A Love Supreme 91 1965 Spiritual Jazz
33%
54 Joni Mitchell - Blue 90 1971 Singer-Songwriter
33%
73 King Crimson - Red 90 1974 Progressive Rock
33%
21 Marvin Gaye - What's Going On 91 1971 Soul
33%
41 Miles Davis - Kind of Blue 90 1959 Modal Jazz
33%
12 Mingus - The Black Saint and the Sinner Lady 92 1963 Avant-Garde Jazz
33%
81 my bloody valentine - loveless 89 1991 Shoegaze
33%
11 Nas - Illmatic 93 1994 Boom Bap
33%
32 Pink Floyd - The Dark Side of the Moon 91 1997 Art Rock
33%
8 Pink Floyd - Wish You Were Here 93 1975 Art Rock
33%
168 Slowdive - Souvlaki 88 1993 Shoegaze
33%
36 Talking Heads - Remain in Light 91 1980 New Wave
33%
20 The Beatles - Abbey Road 92 1969 Pop Rock
33%
78 The Beatles - Revolver 89 1966 Pop Rock
33%
167 The Beatles - The Beatles 88 1968 Rock
33%
37 The Cure - Disintegration 91 1989 Gothic Rock
33%
15 The Microphones - The Glow, Pt. 2 92 2001 Indie Folk
33%
14 Wu-Tang Clan - Enter The Wu-Tang (36 Chambers) 92 1993 Hardcore Hip-Hop
33%
35 山岡晃 [Akira Yamaoka] - Silent Hill 2 91 2001 Ambient
0%
170 山岡晃 [Akira Yamaoka] - Silent Hill 3 88 2003 Trip Hop
0%
161 Alice in Chains - Unplugged 88 1996 Acoustic Rock
0%
122 Angelo Badalamenti - Soundtrack from Twin Peaks 89 1990 Dark Jazz
0%
142 A Tribe Called Quest - Midnight Marauders 89 1993 Jazz Rap
0%
47 A Tribe Called Quest - The Low End Theory 90 1991 Jazz Rap
0%
150 A Tribe Called Quest - We got it from Here... Thank You 4 Your service 88 2016 Jazz Rap
0%
174 Belchior - Alucinação 88 1976 MPB
0%
196 Björk - Post 88 1995 Art Pop
0%
95 Black Sabbath - Paranoid 89 1970 Heavy Metal
0%
111 Bob Dylan - Blonde on Blonde 89 1966 Folk Rock
0%
138 Bob Dylan - Blood on the Tracks 89 1975 Singer-Songwriter
0%
68 Bob Dylan - Highway 61 Revisited 90 1965 Folk Rock
0%
149 Boris - Boris performing "flood" 88 2013 Post-Rock
0%
119 Boris - Flood 89 2000 Post-Rock
0%
24 Boris With Merzbow - Rock Dream 91 2007 Noise Rock
0%
22 C418 - Minecraft - Volume Alpha 91 2011 Ambient
0%
39 C418 - Minecraft - Volume Beta 91 2013 Ambient
0%
126 Canserbero - Muerte 89 2012 Hardcore Hip Hop
0%
89 Car Seat Headrest - Twin Fantasy (Face to Face) 89 2018 Indie Rock
0%
63 Chico Buarque - Construção 90 1971 MPB
0%
164 Chico Science & Nação Zumbi - Da Lama Ao Caos 88 1994 Funk Rock
0%
175 Christopher Larkin - Hollow Knight (Original Soundtrack) 88 2017 Cinematic Classical
0%
154 Converge - Jane Doe 88 2001 Mathcore
0%
31 Daft Punk - Alive 2007 91 2007 French House
0%
48 Daft Punk - Discovery 90 2001 French House
0%
45 Danny Brown - Atrocity Exhibition 90 2016 Experimental Hip Hop
0%
83 David Bowie - ★ [Blackstar] 89 2016 Art Rock
0%
129 Death Grips - Exmilitary 89 2011 Industrial Hip Hop
0%
61 Death - Symbolic 90 1995 Technical Death Metal
0%
115 Death - The Sound of Perseverance 89 1998 Technical Death Metal
0%
188 Depeche Mode - Violator 88 1990 Synthpop
0%
109 DJ Shadow - Endtroducing..... 89 1996 Instrumental Hip Hop
0%
104 Earl Sweatshirt - solace 89 2015 Abstract Hip Hop
0%
75 Elliott Smith - Either/Or 90 1997 Indie Folk
0%
53 Fiona Apple - When the Pawn... 90 1999 Piano Rock
0%
6 Fishmans - 98.12.28 男達の別れ [98.12.28 Otokotachi no Wakare] 93 1999 Dream Pop
0%
40 Fishmans - LONG SEASON 90 1996 Neo-Psychedelia
0%
97 Frank Ocean - Blonde 89 2016 Alternative R&B
0%
191 Frank Zappa - Hot Rats 88 1969 Jazz-Rock
0%
152 Gal Costa - Fa-tal- Gal a Todo Vapor 88 1971 Blues Rock
0%
127 Genius / GZA - Liquid Swords 89 1995 Hardcore Hip Hop
0%
144 George Harrison - All Things Must Pass 89 1970 Folk Rock
0%
67 Godspeed You Black Emperor! - Slow Riot for New Zerø Kanada E.P. 90 1999 Post-Rock
0%
102 Gustavo Cerati - Bocanada 89 1999 Downtempo
0%
165 Invisible - El Jardín de los Presentes 88 1976 Progressive Rock
0%
171 Janet - The Velvet Rope 88 1997 Contemporary R&B
0%
80 J Dilla - Donuts 89 2006 Instrumental Hip Hop
0%
25 Jeff Buckley - Grace 91 1994 Alternative Rock
0%
177 Jeremy Soule - The Elder Scrolls V: Skyrim Original Game Soundtrack 88 2011 Cinematic Classical
0%
107 JID - The Forever Story 89 2022 Southern Hip Hop
0%
125 Joanna Newsom - Have One on Me 89 2010 Chamber Folk
0%
166 久石譲 [Joe Hisaishi] - Princess Mononoke 88 1997 Cinematic Classical
0%
130 Johnny Cash - At Folsom Prison 89 1968 Country
0%
140 Jorge Ben - A Tábua de Esmeralda 89 1974 Samba
0%
34 JPEGMAFIA - LP! (Offline Version) 91 2021 Experimental Hip Hop
0%
124 Kanye West - Late Registration 89 2005 Pop Rap
0%
76 Kanye West - My Beautiful Dark Twisted Fantasy 90 2010 Pop Rap
0%
46 Kate Bush - Hounds of Love 90 1985 Art Pop
0%
189 Kate Bush - The Dreaming 88 1982 Progressive Pop
0%
134 岡部啓一 [Keiichi Okabe] - NieR:Automata (Original Soundtrack) 89 2017 New Age
0%
113 近藤浩治 [Koji Kondo] - Super Mario 64 Original Soundtrack 89 1996 Sequencer & Tracker
0%
85 近藤浩治 [Koji Kondo] - The Legend of Zelda: Ocarina of Time 89 1998 Sequencer & Tracker
0%
29 Lauryn Hill - The Miseducation of Lauryn Hill 91 1998 Neo-Soul
0%
180 LCD Soundsystem - Sound of Silver 88 2007 Dance-Punk
0%
116 LCD Soundsystem - The Long Goodbye: LCD Soundsystem Live At Madison Square Garden 89 2014 Dance-Punk
0%
195 LCD Soundsystem - This Is Happening 88 2010 Dance-Punk
0%
123 Led Zeppelin - Led Zeppelin IV 89 1971 Hard Rock
0%
186 Leonard Cohen - Songs of Leonard Cohen 88 1967 Contemporary Folk
0%
94 Lil Ugly Mane - Uneven Compromise 89 2012 Experimental Hip Hop
0%
108 Little Simz - Sometimes I Might Be Introvert 89 2021 UK Hip Hop
0%
57 Mario Galaxy Orchestra - Super Mario Galaxy: Original Soundtrack 90 2008 Cinematic Classical
0%
159 Massive Attack - Mezzanine 88 1998 Trip Hop
0%
62 Metallica - Master of Puppets 90 1986 Thrash Metal
0%
133 Metallica - Ride the Lightning 89 1984 Thrash Metal
0%
117 MF DOOM - MM..FOOD 89 2004 Abstract Hip Hop
0%
91 Michael Jackson - Thriller 89 1982 Dance-Pop
0%
50 Miles Davis - Bitches Brew 90 1970 Avant-Garde Jazz
0%
112 Miles Davis - In a Silent Way 89 1969 Jazz Fusion
0%
52 Milton Nascimento & Lô Borges - Clube Da Esquina 90 1972 MPB
0%
72 Mobb Deep - The Infamous 90 1995 Gangsta Rap
0%
146 Modest Mouse - The Lonesome Crowded West 89 1997 Indie Rock
0%
69 Mos Def - Black on Both Sides 90 1999 Consious Hip Hop
0%
114 Mount Eerie - A Crow Looked at Me 89 2017 Singer-Songwriter
0%
139 My Chemical Romance - The Black Parade 89 2006 Rock Opera
0%
184 Natural Snow Buildings - The Winter Ray 88 2004 Post-Rock
0%
92 Neutral Milk Hotel - In the Aeroplane Over the Sea 89 1998 Indie Folk
0%
74 Nick Drake - Pink Moon 90 1972 Singer-Songwriter
0%
44 Nine Inch Nails - The Downward Spiral 90 1994 Industrial Rock
0%
66 Nirvana - In Utero 90 1993 Grunge
0%
43 Nirvana - MTV Unplugged in New York 90 1994 Acoustic Rock
0%
79 Nirvana - Nevermind 89 1991 Grunge
0%
90 植松伸夫 [Nobuo Uematsu] - Final Fantasy VII 89 1997 Sequencer & Tracker
0%
132 Novos Baianos - Acabou Chorare 89 1972 MPB
0%
156 Nujabes / Fat Jon - Samurai Champloo Music Record: Departure 88 2004 Instrumental Hip Hop
0%
190 Nujabes - Metaphorical Music 88 2003 Instrumental Hip Hop
0%
182 Opeth - Blackwater Park 88 2001 Progressive Metal
0%
59 OutKast - Aquemini 90 1998 Southern Hip Hop
0%
187 OutKast - ATLiens 88 1996 Southern Hip Hop
0%
193 OutKast - Stankonia 88 2000 Southern Hip Hop
0%
155 파란노을 [Parannoul] - After the Night 88 2023 Shoegaze
0%
176 Pescado Rabioso - Artaud 88 1973 Singer-Songwriter
0%
51 Pharoah Sanders - Karma 90 1969 Spiritual Jazz
0%
49 Pink Floyd - Animals 90 1977 Progressive Rock
0%
55 Portishead - Dummy 90 1994 Trip Hop
0%
100 Portishead - Roseland NYC Live 89 1998 Trip Hop
0%
33 Prince & The Revolution - Purple Rain 91 1984 Synth Funk
0%
172 Queens of the Stone Age - ...Like Clockwork 88 2013 Alternative Rock
0%
160 Queens of the Stone Age - Songs for the Deaf 88 2002 Alternative Rock
0%
151 Racionais MC's - Nada Como um Dia Após o Outro Dia 88 2002 Hardcore Hip Hop
0%
87 Racionais MC's - Sobrevivendo no Inferno 89 1997 Consious Hip Hop
0%
178 Radiohead - A Moon Shaped Pool 88 2016 Art Rock
0%
105 Rage Against the Machine - Rage Against the Machine 89 1992 Rap Metal
0%
169 Sabotage - Rap É Compromisso 88 2001 Consious Hip-Hop
0%
82 Sade - Love Deluxe 89 1992 Smooth Soul
0%
103 Seatbelts - Cowboy Bebop 89 1998 Jazz
0%
30 Shiro Sagisu - The End of Evangelion 91 1997 Modern Classical
0%
135 目黒将司 [Shoji Meguro] - Persona4 Original Soundtrack 89 2008 Pop Rock
0%
143 目黒将司 [Shoji Meguro] - Persona5: Original Soundtrack 89 2017 Acid Jazz
0%
77 Slint - Spiderland 89 1991 Post-Rock
0%
86 Stevie Wonder - Innervisions 89 1973 Soul
0%
121 Sufjan Stevens - Carrie & Lowell 89 2015 SInger-Songwriter
0%
26 Sufjan Stevens - Illinois 91 2005 Chamber Pop
0%
137 Swans - Deliquescence 89 2017 Post-Rock
0%
42 Swans - Soundtracks for the Blind 90 1996 Post-Rock
0%
58 Swans - Swans Are Dead: Live '95-'97 90 1998 Experimental Rock
0%
110 Swans - The Glowing Man 89 2016 Post-Rock
0%
98 Swans - The Seer 89 2012 Post-Rock
0%
64 Swans - To Be Kind 90 2014 Post-Rock
0%
120 Sweet Trip - Velocity : Design : Comfort 89 2003 Glitch Pop
0%
27 System of a Down - Toxicity 91 2001 Alternative Metal
0%
16 Talking Heads - Stop Making Sense 92 1984 New Wave
0%
185 Talk Talk - Laughing Stock 88 1991 Post-Rock
0%
136 Television - Marquee Moon 89 1977 Post-Punk
0%
93 The Avalanches - Since I Left You 89 2000 Sampledelia
0%
141 The Beatles - Sgt. Pepper's Lonely Hearts Club Band 89 1967 Psychedelic Pop
0%
157 The Clash - London Calling 88 1979 Punk Rock
0%
192 The Jimi Hendrix Experience - Are You Experienced 88 1967 Psychedelic Rock
0%
28 The Jimi Hendrix Experience - Electric Ladyland 91 1968 Blues Rock
0%
88 The Microphones - Mount Eerie 89 2003 Avant-Folk
0%
96 The Notorious B.I.G. - Ready to Die 89 1994 Gangsta Rap
0%
199 the pillows - FLCL Original Soundtrack No. 3 88 2005 Power Pop
0%
179 The Roots - Things Fall Apart 88 1999 East Coast Hip Hop
0%
153 The Smiths - The Queen Is Dead 88 1986 Jangle Pop
0%
181 The Strokes - Is This It 88 2001 Indie Rock
0%
158 The Velvet Underground & Nico - The Velvet Underground & Nico 88 1976 Art Rock
0%
70 Toby Fox - UNDERTALE Soundtrack 90 2015 Sequencer & Tracker
0%
197 TOOL - Lateralus 88 2001 Progressive Metal
0%
84 Tyler, The Creator - IGOR 89 2019 Neo-Soul
0%
183 Unwound - Leaves Turn Inside You 88 2001 Indie Rock
0%
194 Valve Studio Orchestra - Fight Songs: The Music of Team Fortress 2 88 2017 Big Band
0%
106 Vangelis - Blade Runner 89 1994 Progressive Electronic
0%
147 Various Artists - Bloodborne (Original Soundtrack) 89 2015 Cinematic Classical
0%
148 Vince Guaraldi - A Charlie Brown Christmas 88 1965 Christmas
0%
163 Weyes Blood - Titanic Rising 88 2019 Art Pop
0%
173 wowaka - アンハッピーリフレイン [Unhappy Refrain] 88 2011 J-Rock
0%
162 Yes - Close to the Edge 88 1972 Symphonic Prog
0%
Nie znaleziono quizów pasujących do podanych kryteriów
Rozkład punktacji
Procent ludzi z każdym wynikiem
Percentyl według liczby udzielonych odpowiedzi
Twoja historia wyników
Nie rozwiązałeś tego quizu